[Event "New Zealand Junior Championship"]
[Site "Wellington"]
[Date "2023.01.06"]
[Round "4.4"]
[White "Lu, Xiahan (Luna)"]
[Black "Gilmore, Blake"]
[Result "1-0"]
[WhiteElo "1480"]
[BlackElo "1725"]

1. d4 {[%clk 01:00:53] [%emt 00:00:06]} 1... Nf6 {[%clk 01:00:56] [%emt
00:00:05]} 2. c4 {[%clk 01:01:01] [%emt 00:00:21]} 2... g6 {[%clk 01:01:20]
[%emt 00:00:06]} 3. Nc3 {[%clk 01:01:10] [%emt 00:00:22]} 3... Bg7 {[%clk
01:01:41] [%emt 00:00:08]} 4. e4 {[%clk 01:01:02] [%emt 00:00:37]} 4... d6
{[%clk 01:02:04] [%emt 00:00:08]} 5. Nf3 {[%clk 01:00:48] [%emt 00:00:44]} 5...
O-O {[%clk 01:02:24] [%emt 00:00:10]} 6. Be2 {[%clk 01:00:34] [%emt 00:00:43]}
6... Nbd7 {[%clk 01:02:41] [%emt 00:00:14]} 7. O-O {[%clk 00:59:12] [%emt
00:01:51]} 7... Re8 {[%clk 01:03:00] [%emt 00:00:12]} 8. Bg5 {[%clk 00:55:13]
[%emt 00:04:29]} 8... e5 {[%clk 01:02:27] [%emt 00:01:03]} 9. d5 {[%clk
00:54:43] [%emt 00:01:01]} 9... h6 {[%clk 01:02:48] [%emt 00:00:08]} 10. Bxf6
{[%clk 00:52:39] [%emt 00:02:33]} 10... Qxf6 {[%clk 01:02:30] [%emt 00:00:50]}
11. b4 {[%clk 00:52:09] [%emt 00:00:59]} 11... Qe7 {[%clk 01:02:01] [%emt
00:01:01]} 12. Qc2 {[%clk 00:50:19] [%emt 00:02:17]} 12... Nf8 {[%clk 01:02:15]
[%emt 00:00:16]} 13. Bd3 {[%clk 00:47:42] [%emt 00:03:07]} 13... Nh7 {[%clk
01:01:59] [%emt 00:00:46]} 14. Nd2 {[%clk 00:44:32] [%emt 00:03:39]} 14... Qg5
{[%clk 01:00:09] [%emt 00:02:20]} 15. Kh1 {[%clk 00:41:36] [%emt 00:03:26]}
15... f5 {[%clk 00:57:16] [%emt 00:03:24]} 16. f3 {[%clk 00:39:16] [%emt
00:02:50]} 16... f4 {[%clk 00:57:28] [%emt 00:00:18]} 17. c5 {[%clk 00:34:14]
[%emt 00:05:33]} 17... h5 {[%clk 00:55:19] [%emt 00:02:39]} 18. Nb5 {[%clk
00:32:29] [%emt 00:02:15]} 18... Qe7 {[%clk 00:48:42] [%emt 00:07:06]} 19. cxd6
{[%clk 00:31:25] [%emt 00:01:34]} 19... cxd6 {[%clk 00:48:35] [%emt 00:00:37]}
20. Nc7 {[%clk 00:31:29] [%emt 00:00:27]} 20... Bd7 {[%clk 00:48:33] [%emt
00:00:32]} 21. Nxa8 {[%clk 00:31:22] [%emt 00:00:36]} 21... Rxa8 {[%clk
00:48:41] [%emt 00:00:22]} 22. Qc7 {[%clk 00:29:44] [%emt 00:02:07]} 22... Bf6
{[%clk 00:47:12] [%emt 00:02:00]} 23. Qxb7 {[%clk 00:27:35] [%emt 00:02:40]}
23... Rd8 {[%clk 00:47:14] [%emt 00:00:28]} 24. Qxa7 {[%clk 00:27:08] [%emt
00:00:57]} 24... Bh4 {[%clk 00:47:38] [%emt 00:00:06]} 25. b5 {[%clk 00:24:27]
[%emt 00:03:10]} 25... Bg3 {[%clk 00:47:54] [%emt 00:00:13]} 26. Rfc1 {[%clk
00:21:06] [%emt 00:03:56]} 26... Qh4 {[%clk 00:46:09] [%emt 00:02:10]} 27. Nf1
{[%clk 00:20:58] [%emt 00:00:33]} 27... Bf2 {[%clk 00:43:44] [%emt 00:03:01]}
28. Qa5 {[%clk 00:19:32] [%emt 00:01:55]} 28... Bh3 {[%clk 00:41:56] [%emt
00:02:18]} 29. gxh3 {[%clk 00:14:05] [%emt 00:05:57]} 29... Qg5 {[%clk
00:41:38] [%emt 00:00:49]} 30. Nd2 {[%clk 00:13:08] [%emt 00:01:26]} 30... Qf6
{[%clk 00:33:33] [%emt 00:08:36]} 31. a4 {[%emt 00:06:58]} 31... Rf8 {[%clk
00:30:41]} 32. Rab1 {[%clk 00:09:04] [%emt 00:01:27]} 32... Qh4 {[%clk
00:29:19] [%emt 00:01:52]} 33. Bf1 {[%clk 00:08:31] [%emt 00:01:03]} 33... Ng5
{[%clk 00:29:00] [%emt 00:00:49]} 34. Bg2 {[%clk 00:08:25] [%emt 00:00:36]}
34... Be3 {[%clk 00:29:07] [%emt 00:00:24]} 35. Rf1 {[%clk 00:08:33] [%emt
00:00:22]} 35... Nxh3 {[%clk 00:28:20] [%emt 00:01:15]} 36. Bxh3 {[%clk
00:08:57] [%emt 00:00:06]} 36... Qxh3 {[%clk 00:28:43] [%emt 00:00:08]} 37. b6
{[%clk 00:08:49] [%emt 00:00:38]} 37... g5 {[%clk 00:28:38] [%emt 00:00:35]}
38. b7 {[%clk 00:08:43] [%emt 00:00:37]} 38... g4 {[%clk 00:29:03] [%emt
00:00:05]} 39. b8=Q {[%clk 00:07:57] [%emt 00:01:16]} 39... g3 {[%clk 00:29:20]
[%emt 00:00:12]} 40. Qxf8+ {[%clk 00:08:02] [%emt 00:00:25]} 40... Kxf8 {[%clk
00:29:41] [%emt 00:00:10]} 41. Qd8+ {[%clk 00:08:17] [%emt 00:00:14]} 41... Kg7
{[%clk 00:28:07] [%emt 00:02:04]} 42. Rb7+ {[%clk 00:08:29] [%emt 00:00:18]}
42... Kh6 {[%clk 00:28:04] [%emt 00:00:33]} 43. Qf6# {[%clk 00:08:49] [%emt
00:00:08]} 1-0

[Event "New Zealand Junior Championship"]
[Site "Wellington"]
[Date "2023.01.06"]
[Round "4.6"]
[White "Paxton, Levi"]
[Black "Chen, Anderson"]
[Result "1-0"]
[WhiteElo "1912"]
[BlackElo "1487"]

1. d4 {[%clk 01:00:55] [%emt 00:00:04]} 1... Nf6 {[%clk 01:00:57] [%emt
00:00:04]} 2. c4 {[%clk 01:01:15] [%emt 00:00:09]} 2... c6 {[%clk 01:01:23]
[%emt 00:00:04]} 3. Nc3 {[%clk 01:01:10] [%emt 00:00:35]} 3... d5 {[%clk
01:01:48] [%emt 00:00:05]} 4. Nf3 {[%clk 01:01:32] [%emt 00:00:08]} 4... e6
{[%clk 01:02:12] [%emt 00:00:07]} 5. e3 {[%clk 01:01:48] [%emt 00:00:13]} 5...
Nbd7 {[%clk 01:02:33] [%emt 00:00:09]} 6. Qc2 {[%clk 01:02:06] [%emt 00:00:11]}
6... b6 {[%clk 01:01:10] [%emt 00:01:54]} 7. Bd3 {[%clk 01:00:15] [%emt
00:02:20]} 7... Bd6 {[%clk 01:00:54] [%emt 00:00:46]} 8. O-O {[%clk 00:59:50]
[%emt 00:00:56]} 8... O-O {[%clk 01:00:11] [%emt 00:01:14]} 9. e4 {[%clk
00:55:44] [%emt 00:04:34]} 9... dxc4 {[%clk 00:46:59] [%emt 00:13:43]} 10. Bxc4
{[%clk 00:55:57] [%emt 00:00:17]} 10... e5 {[%clk 00:39:15] [%emt 00:08:14]}
11. d5 {[%clk 00:49:48] [%emt 00:06:39]} 11... c5 {[%clk 00:34:01] [%emt
00:05:44]} 12. Nb5 {[%clk 00:40:47] [%emt 00:09:31]} 12... Qe7 {[%clk 00:29:53]
[%emt 00:04:38]} 13. Nxd6 {[%clk 00:38:59] [%emt 00:02:17]} 13... Qxd6 {[%clk
00:29:30] [%emt 00:00:54]} 14. Nh4 {[%clk 00:39:00] [%emt 00:00:29]} 14... Ne8
{[%clk 00:19:48] [%emt 00:10:12]} 15. Nf5 {[%clk 00:37:24] [%emt 00:02:06]}
15... Qf6 {[%clk 00:14:48] [%emt 00:05:29]} 16. f4 {[%clk 00:35:29] [%emt
00:02:26]} 16... Kh8 {[%clk 00:09:42] [%emt 00:05:36]} 17. Bb5 {[%clk 00:25:47]
[%emt 00:10:13]} 17... exf4 {[%clk 00:02:49] [%emt 00:07:25]} 18. Bxf4 {[%clk
00:23:25] [%emt 00:02:49]} 18... Ne5 {[%clk 00:02:00] [%emt 00:01:20]} 19. Qc3
{[%clk 00:22:21] [%emt 00:01:32]} 19... Ng4 {[%emt 00:01:02]} 20. Qg3 {[%clk
00:21:28] [%emt 00:01:21]} 20... Qg6 {[%clk 00:00:48] [%emt 00:01:12]} 21. Ne7
{[%clk 00:20:46] [%emt 00:01:13]} 21... Qxe4 {[%emt 00:00:43]} 22. Nxc8 {[%clk
00:19:47] [%emt 00:01:27]} 22... Rxc8 {[%clk 00:00:40] [%emt 00:00:27]} 23.
Qxg4 {[%clk 00:19:58] [%emt 00:00:18]} 23... Nf6 {[%clk 00:00:38] [%emt
00:00:33]} 24. Qf3 {[%clk 00:19:17] [%emt 00:01:09]} 24... Qxd5 {[%clk
00:00:42] [%emt 00:00:27]} 25. Qxd5 {[%clk 00:19:02] [%emt 00:00:45]} 25...
Nxd5 {[%clk 00:01:07] [%emt 00:00:06]} 26. Bg3 {[%clk 00:18:30] [%emt
00:01:01]} 26... f6 {[%clk 00:00:55] [%emt 00:00:42]} 27. Bc4 {[%clk 00:18:31]
[%emt 00:00:28]} 27... Ne3 {[%clk 00:00:35] [%emt 00:01:24]} 28. Rfc1 {[%clk
00:17:59]} 1-0

[Event "New Zealand Junior Championship"]
[Site "Wellington"]
[Date "2023.01.06"]
[Round "4.7"]
[White "Tao, Junqing Jerome"]
[Black "Barnett-Harris, Lucas"]
[Result "0-1"]
[WhiteElo "1465"]
[BlackElo "1769"]

1. e4 {[%clk 01:00:59] [%emt 00:00:01]} 1... c5 {[%clk 01:00:56] [%emt
00:00:04]} 2. Nf3 {[%clk 01:01:24] [%emt 00:00:05]} 2... Nc6 {[%clk 01:01:21]
[%emt 00:00:05]} 3. d4 {[%clk 01:01:47] [%emt 00:00:06]} 3... cxd4 {[%clk
01:01:46] [%emt 00:00:06]} 4. Nxd4 {[%clk 01:02:14] [%emt 00:00:02]} 4... e6
{[%clk 01:02:09] [%emt 00:00:08]} 5. a3 {[%clk 01:02:34] [%emt 00:00:10]} 5...
a6 {[%clk 01:01:01] [%emt 00:01:39]} 6. Be3 {[%clk 01:02:56] [%emt 00:00:06]}
6... Nf6 {[%clk 01:00:55] [%emt 00:00:36]} 7. Nc3 {[%clk 01:03:11] [%emt
00:00:16]} 7... Be7 {[%clk 01:00:58] [%emt 00:00:27]} 8. Bc4 {[%clk 01:00:44]
[%emt 00:02:57]} 8... b5 {[%clk 00:58:42] [%emt 00:02:45]} 9. Bb3 {[%clk
01:00:52] [%emt 00:00:22]} 9... Bb7 {[%clk 00:58:54] [%emt 00:00:18]} 10. O-O
{[%clk 00:59:58] [%emt 00:01:24]} 10... O-O {[%clk 00:58:21] [%emt 00:01:03]}
11. Nxc6 {[%clk 00:57:31] [%emt 00:02:58]} 11... dxc6 {[%clk 00:58:31] [%emt
00:00:20]} 12. Qxd8 {[%clk 00:57:22] [%emt 00:00:39]} 12... Rfxd8 {[%clk
00:57:50] [%emt 00:01:11]} 13. Bb6 {[%clk 00:57:41] [%emt 00:00:11]} 13... Re8
{[%clk 00:53:43] [%emt 00:04:36]} 14. Rad1 {[%clk 00:57:21] [%emt 00:00:50]}
14... Bd8 {[%clk 00:51:09] [%emt 00:03:05]} 15. Bc5 {[%clk 00:56:50] [%emt
00:01:01]} 15... Be7 {[%clk 00:47:49] [%emt 00:03:49]} 16. Bb6 {[%clk 00:57:09]
[%emt 00:00:11]} 16... Bd8 {[%clk 00:48:12] [%emt 00:00:08]} 17. Bc5 {[%clk
00:57:35] [%emt 00:00:04]} 17... Bc7 {[%clk 00:48:25] [%emt 00:00:17]} 18. h3
{[%clk 00:55:48] [%emt 00:02:18]} 18... Rad8 {[%clk 00:47:51] [%emt 00:01:03]}
19. Be3 {[%clk 00:40:22] [%emt 00:15:56]} 19... h6 {[%clk 00:45:23] [%emt
00:02:58]} 20. f4 {[%clk 00:40:21] [%emt 00:00:32]} 20... c5 {[%clk 00:42:26]
[%emt 00:03:27]} 21. e5 {[%clk 00:40:14] [%emt 00:00:37]} 21... c4 {[%clk
00:42:14] [%emt 00:00:42]} 22. Bxc4 {[%clk 00:39:22] [%emt 00:01:22]} 22...
bxc4 {[%clk 00:42:36] [%emt 00:00:08]} 23. exf6 {[%clk 00:39:46] [%emt
00:00:06]} 23... gxf6 {[%clk 00:42:40] [%emt 00:00:26]} 24. f5 {[%clk 00:37:18]
[%emt 00:02:58]} 24... Kg7 {[%clk 00:42:11] [%emt 00:00:59]} 25. Rxd8 {[%clk
00:34:10] [%emt 00:03:37]} 25... Rxd8 {[%clk 00:42:23] [%emt 00:00:18]} 26.
fxe6 {[%clk 00:34:19] [%emt 00:00:22]} 26... fxe6 {[%clk 00:42:26] [%emt
00:00:26]} 27. Bxh6+ {[%clk 00:34:03] [%emt 00:00:47]} 27... Kxh6 {[%clk
00:42:34] [%emt 00:00:22]} 28. Rxf6+ {[%clk 00:34:29] [%emt 00:00:05]} 28...
Kg7 {[%clk 00:42:38] [%emt 00:00:25]} 29. Rxe6 {[%clk 00:34:54] [%emt
00:00:04]} 29... Kf7 {[%clk 00:41:26] [%emt 00:01:42]} 30. Re2 {[%clk 00:34:44]
[%emt 00:00:41]} 30... Bb6+ {[%clk 00:38:52] [%emt 00:03:04]} 31. Kh2 {[%clk
00:34:54] [%emt 00:00:20]} 31... Bd4 {[%clk 00:38:55] [%emt 00:00:25]} 32. Na4
{[%clk 00:32:18] [%emt 00:03:13]} 32... Bc6 {[%clk 00:38:32] [%emt 00:00:48]}
33. b3 {[%clk 00:28:44] [%emt 00:04:05]} 33... Kf6 {[%clk 00:38:02] [%emt
00:00:59]} 34. g3 {[%clk 00:25:51] [%emt 00:03:24]} 34... Rb8 {[%clk 00:35:52]
[%emt 00:02:40]} 35. Rd2 {[%clk 00:25:58] [%emt 00:00:23]} 35... Rd8 {[%clk
00:34:54] [%emt 00:01:26]} 36. Re2 {[%clk 00:25:28] [%emt 00:01:01]} 36... Bf3
{[%clk 00:34:23] [%emt 00:01:00]} 37. Re1 {[%clk 00:25:07] [%emt 00:00:52]}
37... Bf2 {[%clk 00:34:31] [%emt 00:00:22]} 38. Rf1 {[%clk 00:25:08] [%emt
00:00:30]} 38... Rd2 {[%clk 00:34:53] [%emt 00:00:07]} 39. h4 {[%clk 00:25:34]
[%emt 00:00:03]} 39... Kg6 {[%clk 00:34:00] [%emt 00:01:24]} 40. Kh3 {[%clk
00:23:57] [%emt 00:02:08]} 40... Kh5 {[%clk 00:34:12] [%emt 00:00:18]} 41. bxc4
{[%clk 00:22:13] [%emt 00:02:14]} 41... Rxc2 {[%clk 00:33:45] [%emt 00:00:56]}
42. c5 {[%clk 00:22:15] [%emt 00:00:29]} 42... Bg4+ {[%clk 00:34:04] [%emt
00:00:11]} 43. Kg2 {[%clk 00:22:36] [%emt 00:00:08]} 43... Bxc5+ {[%clk
00:34:24] [%emt 00:00:10]} 44. Kh1 {[%clk 00:22:45] [%emt 00:00:20]} 44... Bh3
{[%clk 00:34:17] [%emt 00:00:38]} 45. Re1 {[%clk 00:22:57] [%emt 00:00:18]}
45... Bg2+ {[%clk 00:34:32] [%emt 00:00:16]} 46. Kh2 {[%clk 00:23:22] [%emt
00:00:05]} 46... Bc6+ {[%clk 00:34:57] [%emt 00:00:05]} 47. Kh3 {[%clk
00:23:11] [%emt 00:00:41]} 47... Bd7+ {[%clk 00:34:34] [%emt 00:00:53]} 48. g4+
{[%clk 00:23:20] [%emt 00:00:21]} 48... Bxg4+ {[%clk 00:35:00] [%emt 00:00:04]}
49. Kg3 {[%clk 00:23:46] [%emt 00:00:04]} 49... Bf2+ {[%clk 00:35:24] [%emt
00:00:06]} 50. Kg2 {[%clk 00:24:10] [%emt 00:00:06]} 50... Bxe1+ {[%clk
00:35:49] [%emt 00:00:05]} 51. Kf1 {[%clk 00:24:36] [%emt 00:00:05]} 51... Bxh4
{[%clk 00:36:07] [%emt 00:00:12]} 52. Nb6 {[%clk 00:24:56] [%emt 00:00:10]}
52... Bh3+ {[%clk 00:36:23] [%emt 00:00:14]} 53. Kg1 {[%clk 00:25:17] [%emt
00:00:08]} 53... Bg3 {[%clk 00:36:44] [%emt 00:00:09]} 54. Nc4 {[%clk 00:25:26]
[%emt 00:00:22]} 54... Rc1# {[%clk 00:37:08] [%emt 00:00:06]} 0-1

[Event "New Zealand Junior Championship"]
[Site "Wellington"]
[Date "2023.01.06"]
[Round "4.8"]
[White "Coates, Alex"]
[Black "Yue, Annie"]
[Result "1-0"]
[WhiteElo "1718"]
[BlackElo "1425"]

1. d4 {[%clk 01:00:54] [%emt 00:00:04]} 1... d5 {[%clk 01:00:34] [%emt
00:00:27]} 2. c4 {[%clk 01:01:20] [%emt 00:00:05]} 2... e6 {[%clk 01:00:59]
[%emt 00:00:05]} 3. Nc3 {[%clk 01:01:45] [%emt 00:00:05]} 3... Nf6 {[%clk
01:01:15] [%emt 00:00:14]} 4. cxd5 {[%clk 01:02:10] [%emt 00:00:05]} 4... exd5
{[%clk 01:01:12] [%emt 00:00:33]} 5. Bf4 {[%clk 01:02:36] [%emt 00:00:04]} 5...
a6 {[%clk 01:00:04] [%emt 00:01:39]} 6. e3 {[%clk 01:02:50] [%emt 00:00:15]}
6... Bf5 {[%clk 01:00:00] [%emt 00:00:33]} 7. Bd3 {[%clk 01:02:59] [%emt
00:00:20]} 7... Bg6 {[%clk 00:59:23] [%emt 00:01:08]} 8. Nf3 {[%clk 01:03:18]
[%emt 00:00:12]} 8... Nc6 {[%clk 00:58:04] [%emt 00:01:49]} 9. O-O {[%emt
00:01:13]} 9... Nb4 {[%clk 00:57:50] [%emt 00:00:05]} 10. Bb1 {[%clk 01:02:19]
[%emt 00:01:23]} 10... Bd6 {[%clk 00:52:07] [%emt 00:06:13]} 11. Bxd6 {[%clk
01:02:18] [%emt 00:00:31]} 11... Qxd6 {[%clk 00:52:13] [%emt 00:00:24]} 12. a3
{[%clk 01:02:38] [%emt 00:00:11]} 12... Nc6 {[%clk 00:52:20] [%emt 00:00:22]}
13. Bd3 {[%clk 01:02:06] [%emt 00:01:02]} 13... O-O {[%clk 00:50:15] [%emt
00:02:36]} 14. Bxg6 {[%clk 01:02:17] [%emt 00:00:19]} 14... fxg6 {[%clk
00:49:37] [%emt 00:01:08]} 15. Qb3 {[%clk 01:01:50] [%emt 00:00:57]} 15... Kh8
{[%clk 00:46:53] [%emt 00:03:15]} 16. h3 {[%clk 01:01:15] [%emt 00:01:06]}
16... Ne7 {[%clk 00:45:14] [%emt 00:02:09]} 17. Ne5 {[%clk 01:01:07] [%emt
00:00:37]} 17... Nd7 {[%clk 00:44:08] [%emt 00:01:36]} 18. f4 {[%clk 01:00:35]
[%emt 00:01:02]} 18... Qb6 {[%clk 00:36:04] [%emt 00:08:34]} 19. Qc2 {[%clk
00:58:36] [%emt 00:02:30]} 19... Nf6 {[%clk 00:34:14] [%emt 00:02:19]} 20. g4
{[%clk 00:58:26] [%emt 00:00:40]} 20... Qd6 {[%clk 00:31:22] [%emt 00:03:22]}
21. Qg2 {[%clk 00:57:49] [%emt 00:01:06]} 21... Qe6 {[%clk 00:29:00] [%emt
00:02:52]} 22. Rac1 {[%clk 00:57:04] [%emt 00:01:16]} 22... Nd7 {[%clk
00:27:07] [%emt 00:02:23]} 23. Na4 {[%clk 00:56:13] [%emt 00:01:22]} 23... Rac8
{[%clk 00:24:21] [%emt 00:03:16]} 24. Nxd7 {[%clk 00:54:48] [%emt 00:01:54]}
24... Qxd7 {[%clk 00:23:30] [%emt 00:01:21]} 25. Nc5 {[%clk 00:55:07] [%emt
00:00:11]} 25... Qc6 {[%clk 00:19:45] [%emt 00:04:15]} 26. Rc3 {[%clk 00:53:38]
[%emt 00:02:00]} 26... b5 {[%clk 00:17:55] [%emt 00:02:20]} 27. Nd3 {[%clk
00:52:35] [%emt 00:01:33]} 27... Qd6 {[%clk 00:16:51] [%emt 00:01:34]} 28. Rfc1
{[%clk 00:52:34] [%emt 00:00:32]} 28... Ng8 {[%clk 00:14:43] [%emt 00:02:38]}
29. Rc6 {[%clk 00:52:38] [%emt 00:00:25]} 29... Qe7 {[%clk 00:13:26] [%emt
00:01:47]} 30. Ne5 {[%clk 00:52:50] [%emt 00:00:18]} 30... Nf6 {[%clk 00:13:04]
[%emt 00:00:52]} 31. g5 {[%clk 00:51:19] [%emt 00:02:02]} 31... Ne4 {[%clk
00:12:24] [%emt 00:01:09]} 32. Rxg6 {[%clk 00:50:12] [%emt 00:01:37]} 32... c5
{[%clk 00:11:39] [%emt 00:01:16]} 33. Qg4 {[%clk 00:47:15] [%emt 00:03:26]}
33... Rc7 {[%clk 00:09:11] [%emt 00:02:58]} 34. Re6 {[%clk 00:46:57] [%emt
00:00:47]} 34... Qd8 {[%clk 00:08:38] [%emt 00:01:04]} 35. g6 {[%clk 00:45:26]
[%emt 00:02:01]} 35... Nf6 {[%clk 00:07:46] [%emt 00:01:22]} 36. Qh4 {[%clk
00:42:45] [%emt 00:03:11]} 36... Qc8 {[%clk 00:05:26] [%emt 00:02:49]} 37. Rxf6
{[%clk 00:42:57] [%emt 00:00:19]} 37... gxf6 {[%clk 00:05:22] [%emt 00:00:34]}
38. Nf7+ {[%clk 00:42:16] [%emt 00:01:10]} 38... Rcxf7 {[%clk 00:05:26] [%emt
00:00:26]} 39. gxf7 {[%clk 00:42:25] [%emt 00:00:22]} 39... Rxf7 {[%clk
00:04:59] [%emt 00:00:57]} 40. Rxc5 {[%clk 00:42:34] [%emt 00:00:21]} 40... Qf5
{[%clk 00:04:16] [%emt 00:01:05]} 41. Kf2 {[%clk 00:41:07] [%emt 00:02:04]}
41... Rg7 {[%clk 00:03:32] [%emt 00:01:15]} 42. Rc6 {[%clk 00:40:34] [%emt
00:01:03]} 42... Rg6 {[%clk 00:02:51] [%emt 00:01:10]} 43. Rc1 {[%clk 00:35:04]
[%emt 00:06:00]} 43... Kg7 {[%clk 00:02:07] [%emt 00:01:15]} 44. Rc7+ {[%clk
00:35:09] [%emt 00:00:25]} 44... Kf8 {[%clk 00:01:51] [%emt 00:00:46]} 45. Qxh7
{[%clk 00:35:22] [%emt 00:00:17]} 1-0